Southville International School and Colleges
Your cart is empty.
  • Cart
  • Lists
    Public lists Eva Luna New books Lux_list list_1
    Your lists Log in to create your own lists
  • Log in to your account
  • Your cookies
  • Search history
Southville International School and Colleges
  • Advanced search
  • Recent comments
  • Most popular
  • Libraries

Log in to your account

Log in with GOOGLE


If you do not have an external account, but do have a local account, you can still log in:

  1. Home
  2. MARC view: Wines and spirits:
Normal view MARC view ISBD view

Wines and spirits: (Record no. 363719)

[ view plain ]
MARC details
000 -LEADER
fixed length control field 00447nam a2200145Ia 4500
008 - FIXED-LENGTH DATA ELEMENTS--GENERAL INFORMATION
fixed length control field 200619s9999 xx 000 0 und d
020 ## - INTERNATIONAL STANDARD BOOK NUMBER
International Standard Book Number 0-9517936-8-3
100 ## - MAIN ENTRY--PERSONAL NAME
Personal name Robinson, Jancis
245 ## - TITLE STATEMENT
Statement of responsibility, etc Jancis Robinson.--
Title Wines and spirits:
Remainder of title Looking behind the label:/
260 ## - PUBLICATION, DISTRIBUTION, ETC. (IMPRINT)
Place of publication, distribution, etc London :
Name of publisher, distributor, etc Wine & Spirit Education Trust
Date of publication, distribution, etc 2005
300 ## - PHYSICAL DESCRIPTION
Extent ix, 93 pages
500 ## - GENERAL NOTE
General note Includes Index
650 ## - SUBJECT ADDED ENTRY--TOPICAL TERM
Topical term or geographic name as entry element Wine and wine making.
650 ## - SUBJECT ADDED ENTRY--TOPICAL TERM
Topical term or geographic name as entry element Wine labels.

No items available.

Wines and spirits:

APA

Robinson J., . (2005). Wines and spirits. London: Wine & Spirit Education Trust.

Chicago

Robinson Jancis, . 2005. Wines and spirits. London: Wine & Spirit Education Trust.

Harvard

Robinson J., . (2005). Wines and spirits. London: Wine & Spirit Education Trust.

MLA

Robinson Jancis, . Wines and spirits. London: Wine & Spirit Education Trust. 2005.

  • Print
  • Cite
  • Add to your cart (remove)
  • Save record
    BIBTEX Dublin Core MARCXML MARC (non-Unicode/MARC-8) MARC (Unicode/UTF-8) MARC (Unicode/UTF-8, Standard) MODS (XML) RIS
  • More searches
    Search for this title in:
    Other Libraries (WorldCat) Other Databases (Google Scholar) Online Stores (Bookfinder.com) Open Library (openlibrary.org)

Exporting to Dublin Core...

SOUTHVILLE LIBRARY

Southville International School and Colleges Library

1281 Tropical Ave. Cor. Luxembourg St., BF Homes International, Las Pinas City

Tel. No. 8256374 / 252358 Loc. 117/146

Powered by Koha